000
00340nam a22001457a 4500
008
230327b ||||| |||| 00| 0 eng d
020
_a
9781305261105
041
_a
eng
080
_2
FOURTH EDITION
_a
34
082
_a
34MAX
100
_a
32
101
_a
JUREDIK
245
_a
BASIC OF RESEARCH METHODS
_c
MAXFIELD .G.M
942
_2
udc
_c
BK
999
_c
59462
_d
59462